000 00338nam a2200133Ia 4500
008 240624s9999 xx 000 0 und d
041 _aeng
082 _a828 TOI
100 _aTHE TIMES OF INDIA
245 _aBEST OF SPEAKING TREE VOLUME 2
260 _c2007
_aNew Delhi
_bTimes Books
300 _a158 : p. : cm. ; 27
365 _cRS
_b25
999 _c23649
_d23649